[Event "Muensterland Verbandsklasse 1819"]
[Site "Germany"]
[Date "2018.10.06"]
[Round "2.2"]
[White "Hanewinkel, Christian"]
[Black "Bahr, Maximilian"]
[Result "1-0"]
[WhiteElo "1793"]
[BlackElo "1698"]
[PlyCount "69"]
[EventDate "2018.09.15"]
[EventType "team-tourn"]
[EventRounds "9"]
[EventCountry "GER"]
[SourceTitle "EXT 2020"]
[Source "ChessBase"]
[SourceDate "2019.10.17"]
[SourceVersion "1"]
[SourceVersionDate "2019.10.17"]
[SourceQuality "1"]
[WhiteTeam "Beelen II"]
[BlackTeam "Emsdetten Rochade III"]
[WhiteTeamCountry "GER"]
[BlackTeamCountry "GER"]

1. e4 d5 2. exd5 Qxd5 3. Nc3 Qa5 4. d4 Nf6 5. Bd2 Nc6 6. Bb5 Bd7 7. Nd5 Qxd2+ 8. Qxd2 Nxd5 9. Bxc6 Bxc6 10. Nf3 e6 11. a3 b6 12. Ne5 Bb7 13. c4 Nf6 14. f3 Bd6 15. Rd1 h6 16. 0-0 Rd8 17. Qc2 0-0 18. Rfe1 c6 19. Qa4 a6 20. Nxc6 Rc8 21. Ne5 Rc7 22. b4 Rfc8 23. b5 axb5 24. Qxb5 Bxa3 25. Qxb6 Be7 26. Ra1 Ne8 27. Ra7 Rb8 28. c5 Bd8 29. Qb2 f6 30. Nc6 Rxc6 31. Rxb7 Rbc8 32. Rb8 e5 33. Rxc8 Rxc8 34. Qb7 Rc7 35. Qd5+ 1-0

[Event "Muensterland Verbandsklasse 1617"]
[Site "Germany"]
[Date "2016.09.24"]
[Round "1.2"]
[White "Hanewinkel, Christian"]
[Black "Fasselt, Hendrik"]
[Result "1/2-1/2"]
[WhiteElo "1662"]
[BlackElo "1830"]
[PlyCount "124"]
[EventDate "2016.09.24"]
[EventType "team"]
[EventRounds "9"]
[EventCountry "GER"]
[SourceTitle "EXT 2018"]
[Source "ChessBase"]
[SourceDate "2017.10.13"]
[SourceVersion "1"]
[SourceVersionDate "2017.10.13"]
[SourceQuality "1"]
[WhiteTeam "Beelen II"]
[BlackTeam "Raesfeld Erle II"]
[WhiteTeamCountry "GER"]
[BlackTeamCountry "GER"]

1. e4 e5 2. Nf3 d6 3. d4 exd4 4. Nxd4 Nf6 5. Nc3 Be7 6. Bd3 0-0 7. Bf4 Nbd7 8. 0-0 Nc5 9. Re1 Ne6 10. Nxe6 Bxe6 11. h3 c6 12. e5 dxe5 13. Bxe5 Re8 14. Qf3 Nd7 15. Rad1 Qa5 16. Qg3 Nxe5 17. Rxe5 Qc7 18. Bxh7+ Kf8 19. Ne4 Rad8 20. Re1 Rd5 21. f4 Rxe5 22. fxe5 Qb6+ 23. Kh2 Qxb2 24. Nd6 Bxd6 25. exd6 Qd4 26. Re4 Qd5 27. c4 Qc5 28. Qf4 g5 29. Qg3 Rd8 30. Re5 Qxd6 31. Qxg5 Ke8 32. c5 Qc7 33. Qf4 Kd7 34. Bf5 Kc8 35. Bxe6+ fxe6 36. Re4 Qe7 37. Qe5 Rd5 38. Qh8+ Kc7 39. Qc3 Rxc5 40. Rxe6 Qxe6 41. Qxc5 Qxa2 42. h4 Qe6 43. h5 Qg4 44. Qe7+ Kb6 45. Qd8+ Ka6 46. Qd3+ b5 47. Qf3 Qe6 48. g4 b4 49. g5 Qe5+ 50. Kh3 Qxg5 51. Qxc6+ Ka5 52. h6 b3 53. Qc7+ Kb4 54. Qg7 Qe3+ 55. Kh4 Qf2+ 56. Kg5 b2 57. Qb7+ Kc4 58. Qe4+ Kc3 59. h7 Qg1+ 60. Kh4 Qh2+ 61. Kg5 Qg1+ 62. Kh4 Qh2+ 1/2-1/2